| 000 | 00823nam a22001815i 4500 | ||
|---|---|---|---|
| 001 | 158951 | ||
| 003 | ES-MaACL | ||
| 005 | 20230906211404.0 | ||
| 008 | 040906s1879 sp |||| | spa d | ||
| 040 |
_aCAM _bspa _cCAM |
||
| 100 | 1 |
_aMartínez de Anguiano, Pedro. _977975 |
|
| 245 | 1 | 0 |
_aRecuerdos de un viaje á la Exposición de París de 1878 / _cpor Pedro Martínez de Anguiano. |
| 260 |
_aZaragoza : _b[s.n.], _c1879 ( _fTipografía de Mariano Salas) |
||
| 300 |
_a77 p. ; _c20 cm. |
||
| 611 | 2 | 4 |
_aExposition Universelle. _d1878. _cParis) _9135143 |
| 852 |
_aES-MaACL _jT-680-F-2 _z-- Enc. hol., conservando la cub. original _z-- An. ms.: ded. del autor a Gustavo Saenz Diez _z-- Enc. en un vol. facticio |
||
| 852 |
_aES-MaACL _jT-362-F-15 _z-- Enc. hol. _q-- Falto de la cub. original _z-- Enc. en un vol. facticio |
||
| 999 |
_c158951 _d158951 |
||